000 00329 a2200157 4500
001 65686
020 _a9788580574029
040 _cAnchieta - Pituba
100 _aGraves, Tracey Garvis
240 1 0 _aNa ilha
_lpor
245 1 0 _aNa ilha
300 _a285
362 0 _a2013
650 4 _aFicção norte-americana
942 _cBK
999 _c65686
_d65686